Central Library OPAC University of Rajshahi

Championship-tested offensive and defensive basketball strategy / (Record no. 17789)

MARC details
000 -LEADER
fixed length control field 00672nam a22002291 4500
001 - CONTROL NUMBER
control field 17789
003 - CONTROL NUMBER IDENTIFIER
rucl marc code BD-RjUL
005 - DATE AND TIME OF LATEST TRANSACTION
control field 20211209000207.0
008 - FIXED-LENGTH DATA ELEMENTS--GENERAL INFORMATION
fixed length control field 140219s1967 nyua 001 0 eng d
035 ## - SYSTEM CONTROL NUMBER
System control number (BD-RjUL)17847
040 ## - CATALOGING SOURCE
Original cataloging agency DLC
Transcribing agency DLC
Modifying agency DLC
-- BD-RjUL
Language of cataloging eng
041 ## - LANGUAGE CODE
Language code of text/sound track or separate title eng
082 00 - DEWEY DECIMAL CLASSIFICATION NUMBER
Classification number 796.3232
Author mark and year HAC 1967
100 1# - MAIN ENTRY--PERSONAL NAME
Personal name Harrell, Bill D.
9 (RLIN) 54886
245 10 - TITLE STATEMENT
Title Championship-tested offensive and defensive basketball strategy /
Statement of responsibility, etc. Bill D. Harrell.
260 ## - PUBLICATION, DISTRIBUTION, ETC. (IMPRINT)
Place of publication, distribution, etc. West Nyack, N.Y. :
Name of publisher, distributor, etc. Parker Pub. Co. ,
Date of publication, distribution, etc. c1967
300 ## - PHYSICAL DESCRIPTION
Pagination xii, 210 p. :
Illustrations illus. ;
Size 23 cm.
650 #0 - SUBJECT ADDED ENTRY--TOPICAL TERM
Topical term or geographic name as entry element Basketball.
9 (RLIN) 54887
942 ## - ADDED ENTRY ELEMENTS (KOHA)
Source of classification or shelving scheme Dewey Decimal Classification
Koha item type Books
Holdings
Lost status Source of classification or shelving scheme Damaged status Not for loan Collection code Permanent Location Current Location Shelving location Date acquired Source of acquisition Cost, normal purchase price Total Checkouts Full call number Date last seen Copy number Koha item type
  Dewey Decimal Classification   Not For Loan Non-fiction Central Library, University of Rajshahi Central Library, University of Rajshahi Reading Room 10/09/1971 Zeitlinger 80.00   796.3232 HAC 1967 19/02/2014 C-1 Books